História Tágico-Marítima (Registo nº 910)

Detalhes MARC
000 -Etiqueta do registo
Cabeçalho 00827nam0a2200301 4500
005 - Identificador da versão
Campo de controlo 20240813121818.0
021 ## - Número do Depósito Legal
Código do país PT
Número 298 461/09
035 ## - Other System Control Numbers
System Control Number 0000972
System Control Number 0000957
100 ## - Dados gerais de processamento
Dados gerais de processamento 20091019d a y0pory5003 ba
102 ## - Pais de publicação ou produção
País de publicação Portugal
101 0# - Língua de publicação
Língua do texto, banda sonora, etc. Português
Língua do documento no original Inglês
106 ## - Campo de dados codificados: material textual
Dados codificados do material textual r
105 ## - Campo de dados codificados: livros
Dados codificados dos livros a z 001yy
215 ## - Descrição física 
Indicação específica da natureza do documento e extensão da espécie p. 159
Dimensões cm
200 1# - Titulo e menção de responsabilidade
Título próprio História Tágico-Marítima
Informação de outro título Narrativas de Naufrágios da Época das Conquistas
Primeira menção de responsabilidade António Sérgio
Outras menções de responsabilidade il. André Letria
225 2# - Colecção 
Título próprio da colecção Clássicos da Humanidade
205 ## - Menção da edição
Menção da edição 1ª ed.
210 ## - Publicação, Distribuição, etc. 
Lugar da edição, distribuição, etc. Lisboa
Nome do editor, distribuidor, etc. Sá da Costa Editora
Data da publicação, distribuição, etc. 2009
304 ## - Notas relativas a título e menção de responsabilidade 
Texto da nota Tít. orig.:
675 ## - Classificação Decimal Universal (CDU)
Notação 94(469)
Edição BN
Língua da edição por
701 #1 - Nome de autor-pessoa física (co-responsabilidade principal)
Palavra de ordem Letria
Outra parte do nome não tomada para palavra de ordem André
700 #1 - Nome de autor-pessoa física (responsabilidade principal)
Número de registo de entrada de autoridade 0001188
Palavra de ordem Sérgio
Outra parte do nome não tomada para palavra de ordem António
942 ## - Elementos de entrada adicionados (Koha)
Tipo de item no Koha Livro
Exemplares
Situação do levantamento Origin of item (home branch) (coded) Biblioteca de empréstimo Código de barras Cota Circulation type (not for loan) Tipo de documento Nota do exemplar Damaged status
  Biblioteca Escolar Eng. Nuno Mergulhão Biblioteca Escolar Eng. Nuno Mergulhão BENM1639 94PT SER   Livro Sem mensagem